Najdłuższe rzeki Ameryka Północna - Statystyki

Ogólne statystyki
  • Ten quiz został rozwiązany 140 razy
    126 od ostatniego zresetowania
  • Średni wynik to 4 z 12
Statystyki odpowiedzi
Kraje przez które przepływa Rzeka % Poprawnych
USA,Meksyk Rio Grande
71%
USA,Meksyk Kolorado
70%
USA Kolorado
70%
Kanada Jukon
63%
Kanada Mackenzie
59%
Kanada,USA Sw.Wawrzyńca
30%
USA,Kanada Kolumbia
26%
Kanada Nelson
10%
Kanada Churchill
8%
USA Brazos
3%
Kanada Fraser
3%
Usa Missisipi (Missouri i Jefferson)
3%
Nie znaleziono quizów pasujących do podanych kryteriów
Rozkład punktacji
Procent ludzi z każdym wynikiem
Percentyl według liczby udzielonych odpowiedzi
Twoja historia wyników
Nie rozwiązałeś tego quizu od ostatniego zresetowania